000 00398nam a22001457a 4500
005 20240731120633.0
008 240731b |||||||| |||| 00| 0 eng d
041 _aEnglish
082 _a349 SOU
100 _lEnglish
260 _aCape Town:
_bJuta and Company Ltd,
_c1932
300 _bxv, 474 pages;
_c25 cm.
650 _aLegal practice
_bLaw
942 _cBK
_6ALISON_BN_VRIES
999 _c2327
_d2327